000 00622nam a2200205Ia 4500
003 GCL
008 140319s9999 xx 000 0 ara d
040 _aGCL /
_cGCL
082 0 4 _aق
_b953.09
_bح م
100 1 _aحسين مجيب المصرى
245 1 0 _aمعجم الدولة العثمانية /
_cحسين مجيب المصرى
260 _a[S.N] :
_bمكتبة الانجلوالمصرية ،
_c1989
300 _a333
490 _a
650 0 4 _aتاريخ
650 0 4 _aالامبراطورية العثمانية
650 0 4 _aمصطلحات
650 0 4 _aاللغة التركية
942 _2ddc
_cBK
999 _c30997
_d30997